[Event "CHN-chT (Women)"]
[Site "Nanjing"]
[Date "2023.02.18"]
[Round "5.3"]
[White "Zhang, Xiaowen"]
[Black "Sun, Jihan"]
[Result "1/2-1/2"]
[WhiteElo "2284"]
[BlackElo "1578"]
[PlyCount "107"]
[EventDate "2023.02.14"]
[EventType "team-swiss"]
[EventRounds "9"]
[EventCountry "CHN"]
[SourceTitle "CBM 212 Extra"]
[Source "ChessBase"]
[SourceDate "2023.03.31"]
[SourceVersion "1"]
[SourceVersionDate "2023.03.31"]
[SourceQuality "1"]
[WhiteTeam "Shanghai (W)"]
[BlackTeam "Tianjin (W)"]
[WhiteTeamCountry "CHN"]
[BlackTeamCountry "CHN"]

1. e4 c5 2. Nf3 Nc6 3. Bb5 g6 4. 0-0 Bg7 5. c3 Nf6 6. Re1 0-0 7. d4 d5 8. e5 Ne4 9. Be3 Qb6 10. Bxc6 bxc6 11. Qc1 Rb8 12. b3 cxd4 13. cxd4 f6 14. Nc3 Be6 15. Na4 Qb5 16. Bh6 Bg4 17. Bxg7 Kxg7 18. Nd2 Nxd2 19. Qxd2 Qb4 20. Qf4 Bf5 21. Nc5 Rbe8 22. Re3 Bc8 23. a3 Qa5 24. b4 Qb5 25. e6 Qc4 26. Rh3 h5 27. Qe3 Rh8 28. f4 Qc2 29. Rf3 Qf5 30. Re1 Rd8 31. Qb3 Rd6 32. Qa4 a6 33. Qd1 Re8 34. Qe2 h4 35. a4 Rh8 36. a5 Rh5 37. Rf2 Rh7 38. h3 Rh8 39. Rf3 Rh5 40. Qf2 Rh7 41. Qe2 Rh5 42. Rf2 Rh8 43. Qf1 Rh7 44. Nxa6 Bxa6 45. Qxa6 Rxe6 46. Rxe6 Qxe6 47. Re2 Qd6 48. b5 Qxf4 49. Rxe7+ Kh6 50. Rxh7+ Kxh7 51. Qxc6 Qxd4+ 52. Kh1 Qa1+ 53. Kh2 Qe5+ 54. Kh1 1/2-1/2

[Event "CHN-chT (Women)"]
[Site "Nanjing"]
[Date "2023.02.15"]
[Round "2.3"]
[White "Zhao, Shengxin"]
[Black "Sun, Jihan"]
[Result "1-0"]
[WhiteElo "2132"]
[BlackElo "1578"]
[PlyCount "95"]
[EventDate "2023.02.14"]
[EventType "team-swiss"]
[EventRounds "9"]
[EventCountry "CHN"]
[SourceTitle "CBM 212 Extra"]
[Source "ChessBase"]
[SourceDate "2023.03.31"]
[SourceVersion "1"]
[SourceVersionDate "2023.03.31"]
[SourceQuality "1"]
[WhiteTeam "Hangzhou (W)"]
[BlackTeam "Tianjin (W)"]
[WhiteTeamCountry "CHN"]
[BlackTeamCountry "CHN"]

1. d4 d5 2. Nf3 Nf6 3. c4 c6 4. g3 Bf5 5. Bg2 e6 6. 0-0 Nbd7 7. Nc3 h6 8. Nd2 Be7 9. e4 dxe4 10. Ndxe4 Nxe4 11. Nxe4 Nf6 12. Nc3 0-0 13. Be3 Rc8 14. Qb3 Qc7 15. Rac1 Rfd8 16. d5 c5 17. Rfe1 a6 18. dxe6 Bxe6 19. Qxb7 Bxc4 20. b3 Qxb7 21. Bxb7 Rc7 22. Bg2 Bd5 23. Bf4 Ra7 24. Bf1 g5 25. Be5 Be6 26. Bxf6 Bxf6 27. Ne4 Bb2 28. Rxc5 Rad7 29. Rc2 Bd4 30. Bxa6 Bf5 31. Bc4 Re7 32. Rce2 Bg4 33. Nf6+ Bxf6 34. Rxe7 Bxe7 35. Rxe7 Bf3 36. Re1 Rd2 37. Ra1 Kf8 38. a4 f5 39. a5 Ke7 40. Bf1 Kd8 41. a6 Kc7 42. a7 Ba8 43. Bg2 Rd8 44. Bxa8 Rxa8 45. Ra6 f4 46. Rxh6 f3 47. h4 g4 48. Rg6 1-0

[Event "CHN-chT Div-B"]
[Site "Hainan"]
[Date "2023.02.10"]
[Round "8"]
[White "Sun, Jihan"]
[Black "Xiao, Yiyi"]
[Result "0-1"]
[WhiteElo "1578"]
[BlackElo "2357"]
[PlyCount "98"]
[EventDate "2023.02.06"]
[EventType "team-tourn"]
[EventRounds "9"]
[EventCountry "CHN"]
[SourceTitle "CBM 213 Extra"]
[Source "ChessBase"]
[SourceDate "2023.05.31"]
[SourceVersion "1"]
[SourceVersionDate "2023.05.31"]
[SourceQuality "1"]
[WhiteTeam "Hangzhou Intelligent Sports"]
[BlackTeam "Tianjin 361"]
[WhiteTeamCountry "CHN"]
[BlackTeamCountry "CHN"]

1. e4 c6 2. d4 d5 3. Nc3 dxe4 4. Nxe4 Nf6 5. Nxf6+ exf6 6. c3 Bd6 7. Bd3 0-0 8. Ne2 Re8 9. Qc2 h5 10. 0-0 h4 11. h3 Nd7 12. Be3 Nf8 13. c4 Bc7 14. Rae1 Be6 15. Nc3 Rc8 16. f4 f5 17. Bxf5 Bxc4 18. Bxc8 Bxf1 19. Bxb7 Bxf4 20. Qd2 Rxe3 21. Rxe3 Qg5 22. Kxf1 Bxe3 23. Qe2 Ne6 24. Qg4 Qxg4 25. hxg4 Nxd4 26. Ne2 Nc2 27. Nc3 Bc1 28. Bxc6 Bxb2 29. Nb5 a6 30. Nc7 a5 31. Nd5 Kh7 32. Bd7 Kh6 33. Ke2 Kg5 34. Kf3 Ne1+ 35. Kf2 Nd3+ 36. Ke2 Ne5 37. Bc8 Nxg4 38. a4 Ne5 39. Ke3 f5 40. Be6 g6 41. Ke2 Bd4 42. Bc8 Kg4 43. Ne7 Bc5 44. Ng8 Kg3 45. Bb7 Ng4 46. Kf1 Ne3+ 47. Kg1 Nxg2+ 48. Kh1 h3 49. Nf6 Ne3 0-1

[Event "CHN-chT Div-B"]
[Site "Hainan"]
[Date "2023.02.08"]
[Round "4"]
[White "Li, Xinyu"]
[Black "Sun, Jihan"]
[Result "1/2-1/2"]
[WhiteElo "2167"]
[BlackElo "1578"]
[PlyCount "96"]
[EventDate "2023.02.06"]
[EventType "team-tourn"]
[EventRounds "9"]
[EventCountry "CHN"]
[SourceTitle "CBM 213 Extra"]
[Source "ChessBase"]
[SourceDate "2023.05.31"]
[SourceVersion "1"]
[SourceVersionDate "2023.05.31"]
[SourceQuality "1"]
[WhiteTeam "Shenzhen Yinsheng CA"]
[BlackTeam "Hangzhou Intelligent Sports"]
[WhiteTeamCountry "CHN"]
[BlackTeamCountry "CHN"]

1. d4 d5 2. c4 c6 3. Nf3 Nf6 4. g3 Bf5 5. Nc3 e6 6. Bg2 Nbd7 7. Nh4 Bg6 8. Qb3 Qb6 9. Nxg6 hxg6 10. Bf4 Be7 11. 0-0 Qxd4 12. Qxb7 0-0 13. cxd5 cxd5 14. e4 Qb6 15. Qxb6 Nxb6 16. exd5 Nfxd5 17. Nxd5 exd5 18. Rad1 Bf6 19. b3 Rad8 20. Bc7 Rd7 21. Bxb6 axb6 22. Rxd5 Rfd8 23. Rfd1 Rxd5 24. Bxd5 Kf8 25. h4 g5 26. h5 Rd7 27. Kf1 b5 28. a4 bxa4 29. bxa4 Bd8 30. Bf3 Rxd1+ 31. Bxd1 Ke7 32. Bc2 Kd6 33. Ke2 Bb6 34. f3 f6 35. g4 Ba5 36. Kd3 Kd5 37. Bb3+ Kc5 38. Ke4 Kd6 39. Kd4 Be1 40. Kc4 Kc6 41. Bc2 Bd2 42. Be4+ Kd6 43. Kb5 Be3 44. a5 Kc7 45. a6 Kd6 46. Kc4 Ba7 47. Bf5 Ke5 48. Kb5 Kd6 1/2-1/2

[Event "CHN-chT Div-B"]
[Site "Hainan"]
[Date "2023.02.06"]
[Round "1"]
[White "Sun, Jihan"]
[Black "Pian, Junyao"]
[Result "1-0"]
[WhiteElo "1578"]
[BlackElo "1500"]
[PlyCount "73"]
[EventDate "2023.02.06"]
[EventType "team-tourn"]
[EventRounds "9"]
[EventCountry "CHN"]
[SourceTitle "CBM 213 Extra"]
[Source "ChessBase"]
[SourceDate "2023.05.31"]
[SourceVersion "1"]
[SourceVersionDate "2023.05.31"]
[SourceQuality "1"]
[WhiteTeam "Hangzhou Intelligent Sports"]
[BlackTeam "Ningbo Huangli School"]
[WhiteTeamCountry "CHN"]
[BlackTeamCountry "CHN"]

1. e4 c5 2. Nf3 d6 3. d4 cxd4 4. Nxd4 Nf6 5. Nc3 g6 6. g3 Bg7 7. Bg2 0-0 8. 0-0 Nc6 9. Nde2 Bd7 10. h3 Rc8 11. Be3 Na5 12. a4 a6 13. b3 Qc7 14. Ra2 Nc6 15. Ra1 Na5 16. Qd2 b5 17. axb5 axb5 18. Ra2 b4 19. Nd5 Nxd5 20. exd5 Bb5 21. Re1 Bxe2 22. Rxe2 Rb8 23. Bd4 Rb5 24. Bxg7 Kxg7 25. Qd4+ f6 26. Qe4 Re8 27. Ra4 Qb6 28. Qe6 Qc7 29. h4 Nb7 30. Qg4 h5 31. Qf4 Qc3 32. Ra7 Qc5 33. Ra8 Kf7 34. Qh6 Nd8 35. Rxd8 Rxd8 36. Qh7+ Kf8 37. Rxe7 1-0

[Event "CHN-chB (Women)"]
[Site "Qiziwan"]
[Date "2023.02.02"]
[Round "7"]
[White "Wang, Shanshan"]
[Black "Sun, Jihan"]
[Result "0-1"]
[WhiteElo "2075"]
[BlackElo "1578"]
[PlyCount "80"]
[EventDate "2023.01.30"]
[EventType "swiss"]
[EventRounds "11"]
[EventCountry "CHN"]
[SourceTitle "CBM 212 Extra"]
[Source "ChessBase"]
[SourceDate "2023.03.31"]
[SourceVersion "1"]
[SourceVersionDate "2023.03.31"]
[SourceQuality "1"]

1. e4 c5 2. Nf3 Nc6 3. d4 cxd4 4. Nxd4 Nf6 5. Nc3 e5 6. Ndb5 d6 7. Bg5 a6 8. Bxf6 gxf6 9. Na3 b5 10. Nd5 f5 11. Bd3 Be6 12. c3 Bg7 13. 0-0 Bxd5 14. exd5 Ne7 15. Qh5 e4 16. Be2 0-0 17. Nc2 Qd7 18. Rad1 f4 19. Nd4 Kh8 20. f3 e3 21. Bd3 Ng6 22. Nf5 Rae8 23. Rfe1 Re5 24. Qg4 Rxd5 25. Bc2 Rxd1 26. Bxd1 b4 27. Nxg7 Qxg4 28. fxg4 Kxg7 29. cxb4 d5 30. Be2 d4 31. Rd1 Rd8 32. h3 Ne5 33. Kf1 d3 34. Ke1 Rd7 35. Bf3 e2 36. Bxe2 dxe2 37. Rxd7 Nxd7 38. Kxe2 Kf6 39. a4 Nb6 40. a5 Nc8 0-1